Pays les plus proches de Bornéo - Statistiques

Statistiques générales
  • Ce quiz a été pris 62 fois
  • Le résultat moyen est 17 sur 20
Statistiques - réponses
km pays % Correct
1045 Cambodge
94%
1464 Chine
94%
1782 Inde
92%
931 Thaïlande
92%
1314 Laos
90%
37 Philippines
90%
882 Viêt Nam
90%
1593 Australie
88%
1497 Birmanie
88%
2023 Japon
88%
534 Singapour
85%
3071 Sri Lanka
83%
2793 Bangladesh
81%
2482 Papouasie- Nouvelle-Guinée
81%
1703 Taïwan
79%
3061 Corée du Sud
75%
1094 Timor-Leste
75%
3332 Bhoutan
71%
2128 Micronésie
63%
1646 Palaos
60%
Aucun quiz correspondant
Distribution des résultats
% des personnes avec chaque résultat
Percentile par nombre de réponses
Votre historique - résultats
Vous n’avez pas pris ce quiz